000 00419nam a2200169Ia 4500
008 240729s9999 xx 000 0 und d
022 _a1337-947X
245 0 _aEkológia (Bratislava)
260 _aPoland
260 _bSciendo
650 _a Biology (General)
650 _a Ecology
650 _aScience
856 _uhttps://doaj.org/toc/ab2beb6b16364b75a89a5f00dd6cc0e2
942 _2ddc
942 _cDOAJEJ
999 _c71244
_d71244
945 _a1
_bMadushi Gamage
_c1
_dMadushi Gamage